=LDR 00000nam 2200000 4500 =001 INLIS000000000056901 =005 20201105091957 =035 ##$$a 0010-1020000094 =007 ta =008 201105################g##########0#ind## =020 ##$$a 979-8965-108-3 =082 ##$$a 306.8 =084 ##$$a 306.8 PAR s =100 #$$a Parrot III, Les =245 1#$$a Seputar problema suami istri : $b Menjawab 100 pertanyaan atas permasalahan dalam perkawinan /$c DR. Les Parrot III, DR. Leslie Parrot =260 ##$$a Jakarta :$b Pustaka Delapratasa,$c 1999 =300 ##$$a xv, 251 hlm. ; $c 19 x 12 cm. =650 #4$$a Perkawinan =700 #$$a Parrot, Leslie =990 ##$$a 141.563/Pro-99